000 00479nam a2200169Ia 4500
008 090201s9999 xx 000 0 und d
010 _aKPL-28745
040 _bमराठी
041 _aमराठी
082 _a30722
_b28745
100 _aवि द संत
245 _aगुलमोहर
_cवि द संत
260 _c2004
_bप्रणव प्रकाशन
300 _a102
_bमोठा
600 _aगुलमोहर
942 _cBOOK
999 _c229249
_d229249